000 00714nam a2200229 u 4500
005 20240809063749.0
008 190626s2005 ag r 000 0 spa d
020 _a9500829797
035 _aUPN01000231573
049 _aI
050 4 _aBJ1635
_bC3.4
100 1 _aCastellanos, Ofelia
_942958
245 1 4 _aLos juguetes de Agustina /
_cOfelia Castellanos ; il. Héctor Adrián Borlasca.
260 _aBuenos Aires :
_bAtlántida,
_c2005.
300 _a6 p. :
_bprincipalmente il. col.
440 0 _aAgustina.
_pAtlántida mini
650 4 _aConducta infantil
_95683
650 4 _aDisciplina de niños
_914102
650 7 _aLibros ilustrados para niños
_2
_921365
905 _aInfantil
999 _c203668
_d203668